| 000 | 00328nam a22001337a 4500 | ||
|---|---|---|---|
| 020 | _qHB. | ||
| 040 | _cFIZZA ISHAQ | ||
| 082 |
_a332.6 _bBRU |
||
| 100 |
_aP,BRUIERE. _9108769 |
||
| 245 |
_aQUANTITATIVE PORTFOLIO MANAGEMENT / _cBRUIERE P. |
||
| 260 |
_aSWITZERLAND ; _bSPRINGER. _c2020. |
||
| 300 | _a205 P. ; | ||
| 942 |
_2ddc _cBK |
||
| 999 |
_c593180 _d593180 |
||